000 00790nam a2200241 a 4500
001 13940
003 CO-ViMGA
008 141112s2004 ck r 000 u spa d
020 _a9583000264
040 _aCO-ViMGA
_bspa
_cCO-ViMGA
082 0 4 _aR796.3348 P373
100 1 _aPerea R., Tucidides
_920337
245 1 0 _aReglamento de Futbol de salon
250 _a3
260 _aSantafé de Bogotá :
_bPanAméricana,
_c1998
300 _a184p. : ils
500 _aTomado del reglamento aprobado en en congreso de Argentina, 1994 y promulgado en el congreso de España, 1995.
590 _aForma de adquisición : Compra
650 1 4 _aFUTBOL DE SALON
_920338
650 1 4 _aMICROFUTBOL - ESTRATEGIAS Y TECNICAS
_920339
650 1 4 _aMICROFUTBOL - REGLAMENTOS
_920340
942 _2ddc
_cBK
999 _c11017
_d11017